|
|
|
|
| LEADER |
00000cam a2200000 7i4500 |
| 001 |
0000054708 |
| 005 |
20020506.0 |
| 020 |
|
|
|a 9830412113
|
| 090 |
0 |
0 |
|a JF
|b PER
|
| 245 |
0 |
0 |
|a Permata kenyalang
|c disusun oleh Roslinda Hashim, Suzie Mat Harun
|
| 260 |
|
|
|a Kuala Lumpur :
|b Penerbitan Jaya Ilmu ,
|c 1996
|
| 300 |
|
|
|a 121p. :
|b ill. ;
|c 17cm.
|
| 490 |
0 |
|
|a Siri pilihan anda
|
| 650 |
0 |
0 |
|a Children's stories, Malay
|
| 700 |
0 |
|
|a Roslinda Hashim
|
| 700 |
0 |
|
|a Suzie Mat Harun
|
| 999 |
|
|
|a 00132068
|b BUKU
|c PINJAMAN
|e PERPUSTAKAAN KOMUNITI PETALING JAYA
|
| 999 |
|
|
|a 00132069
|b BUKU
|c PINJAMAN
|e PERPUSTAKAAN KOMUNITI PETALING JAYA
|
| 999 |
|
|
|a 00132070
|b BUKU
|c PINJAMAN
|e PERPUSTAKAAN KOMUNITI PETALING JAYA
|
| 999 |
|
|
|a 00132071
|b BUKU
|c PINJAMAN
|e PERPUSTAKAAN KOMUNITI CAW KOTA DAMANSARA
|